Statistics for Top 15 Biggest UK Cities or Towns beginning with........M

Click here to take the quiz!

General Stats

  • This quiz has been taken 210 times
  • The average score is 5 of 15

Answer Stats

HintAnswer% Correct
1Manchester
100%
3Middlesbrough
65%
4Mansfield
58%
7Macclesfield
55%
2Milton Keynes
53%
5Maidstone
52%
6Margate
34%
9Melton Mowbray
24%
8Motherwell
24%
10Market Harborough
12%
14Melksham
8%
12Maldon
6%
11Musselburgh
5%
13March
3%
15Molesey
0%

Score Distribution

Percentile by Number Answered

Percent of People with Each Score

Your Score History

You have not taken this quiz